000 00677nam a2200253 a 4500
005 20140311163010.0
008 051209s19uu xx 00 eng d
020 _a9812592717
050 _aRT 51
_b.M489 2005
100 _aBlack, Joyce M.
245 _aMedical-surgical nursing:
_bclinical management for positive outcomes (vol.2).
250 _a7th
260 _aSingapore :
_bElseviere,
_c2005.
300 _aI-91 2521 p. :
_bill. ;
_c25 cm.
521 _aNUR
650 _aMedical-Surgical
_xNursing.
700 _aHawks, Jane Hokanson
942 _cBK
_2lcc
_kLOC
999 _c39370
_d39370